Spotlight on the cities : (Record no. 3929)

MARC details
000 -LEADER
fixed length control field 01246nam a2200373 a 4500
001 - CONTROL NUMBER
control field 1531552
003 - CONTROL NUMBER IDENTIFIER
control field OSt
005 - DATE AND TIME OF LATEST TRANSACTION
control field 20230704160658.0
008 - FIXED-LENGTH DATA ELEMENTS--GENERAL INFORMATION
fixed length control field 930429s1989 sz a b i000 0 eng d
010 ## - LIBRARY OF CONGRESS CONTROL NUMBER
LC control number 90146834
020 ## - INTERNATIONAL STANDARD BOOK NUMBER
International Standard Book Number 9241561319
035 ## - SYSTEM CONTROL NUMBER
System control number (OCoLC)22810697
040 ## - CATALOGING SOURCE
Original cataloging agency DNLM
Transcribing agency DNLM
Modifying agency DLC
042 ## - AUTHENTICATION CODE
Authentication code lccopycat
043 ## - GEOGRAPHIC AREA CODE
Geographic area code d------
050 04 - LIBRARY OF CONGRESS CALL NUMBER
Classification number RA566.5.D44
Item number T33 1989
082 ## - DEWEY DECIMAL CLASSIFICATION NUMBER
Classification number 363.7
Item number TAB
100 1# - MAIN ENTRY--PERSONAL NAME
Personal name Tabibzadeh, I.
245 10 - TITLE STATEMENT
Title Spotlight on the cities :
Remainder of title improving urban health in developing countries /
Statement of responsibility, etc. I. Tabibzadeh, A. Rossi-Espagnet, and R. Maxwell.
260 ## - PUBLICATION, DISTRIBUTION, ETC. (IMPRINT)
Place of publication, distribution, etc. Geneva :
Name of publisher, distributor, etc. World Health Organization,
Date of publication, distribution, etc. 1989.
300 ## - PHYSICAL DESCRIPTION
Extent v, 174 p. :
Other physical details ill. ;
Dimensions 24 cm.
504 ## - BIBLIOGRAPHY, ETC. NOTE
Bibliography, etc Includes bibliographical references (p. 158-165).
650 #0 - SUBJECT ADDED ENTRY--TOPICAL TERM
Topical term or geographic name as entry element Urban health
Geographic subdivision Developing countries.
650 #0 - SUBJECT ADDED ENTRY--TOPICAL TERM
Topical term or geographic name as entry element City planning
General subdivision Health aspects
Geographic subdivision Developing countries.
650 #0 - SUBJECT ADDED ENTRY--TOPICAL TERM
Topical term or geographic name as entry element Cities and towns
Geographic subdivision Developing countries.
650 #2 - SUBJECT ADDED ENTRY--TOPICAL TERM
Topical term or geographic name as entry element Delivery of Health Care.
650 #2 - SUBJECT ADDED ENTRY--TOPICAL TERM
Topical term or geographic name as entry element Urban Health.
651 #2 - SUBJECT ADDED ENTRY--GEOGRAPHIC NAME
Geographic name Developing Countries.
700 2# - ADDED ENTRY--PERSONAL NAME
Personal name Rossi-Espagnet, A.
700 1# - ADDED ENTRY--PERSONAL NAME
Personal name Maxwell, R.
906 ## - LOCAL DATA ELEMENT F, LDF (RLIN)
a 7
b cbc
c copycat
d 3
e ncip
f 19
g y-gencatlg
942 ## - ADDED ENTRY ELEMENTS (KOHA)
Source of classification or shelving scheme Dewey Decimal Classification
Koha item type Books
Holdings
Withdrawn status Lost status Source of classification or shelving scheme Damaged status Not for loan Home library Current library Date acquired Total Checkouts Full call number Barcode Date last seen Price effective from Koha item type
    Dewey Decimal Classification     County Hall Archives County Hall Archives 07/04/2023   363.7 TAB 10001509 07/04/2023 07/04/2023 Books
LIBRARY OPENING HOURS

When the Parliament is sitting: 8.00a.m - 7.00p.m or until the house adjourns
Mondays and Fridays and when the House is on Recess:  8.00a.m - 5.00p.m
Closed on Weekends and Public Holidays

Online Public Access Catalog (OPAC)
Website: http://www.parliament.go.ke
Bunge Library: https://libraryir.parliament.go.ke
Contact: library@parliament.go.ke | Tel no: (254-2)2221291 or 2848000 Ext 5043